Southville International School and Colleges
Your cart is empty.
  • Cart
  • Lists
    Public lists Eva Luna New books Lux_list list_1
    Your lists Log in to create your own lists
  • Log in to your account
  • Your cookies
  • Search history
Southville International School and Colleges
  • Advanced search
  • Recent comments
  • Most popular
  • Libraries

Log in to your account

Log in with GOOGLE


If you do not have an external account, but do have a local account, you can still log in:

  1. Home
  2. MARC view: The results-driven manager :
Normal view MARC view ISBD view

The results-driven manager : (Record no. 2071)

[ view plain ]
MARC details
000 -LEADER
fixed length control field 01210cam a22003374a 4500
001 - CONTROL NUMBER
control field 13847215
003 - CONTROL NUMBER IDENTIFIER
control field OSt
005 - DATE AND TIME OF LATEST TRANSACTION
control field 20140310181723.0
008 - FIXED-LENGTH DATA ELEMENTS--GENERAL INFORMATION
fixed length control field 050121s2005 mau 000 0 eng
010 ## - LIBRARY OF CONGRESS CONTROL NUMBER
LC control number 2005001315
020 ## - INTERNATIONAL STANDARD BOOK NUMBER
International Standard Book Number 1591397812
040 ## - CATALOGING SOURCE
Original cataloging agency DLC
Transcribing agency DLC
Modifying agency DLC
042 ## - AUTHENTICATION CODE
Authentication code pcc
050 00 - LIBRARY OF CONGRESS CALL NUMBER
Classification number HD 58.8
Item number .R4935 2005
082 00 - DEWEY DECIMAL CLASSIFICATION NUMBER
Classification number IB 658.4
Item number R31m 2005
245 00 - TITLE STATEMENT
Title The results-driven manager :
Remainder of title managing change to reduce resistance /
260 ## - PUBLICATION, DISTRIBUTION, ETC. (IMPRINT)
Place of publication, distribution, etc Boston, Mass. :
Name of publisher, distributor, etc Harvard Business School Press,
Date of publication, distribution, etc 2005.
300 ## - PHYSICAL DESCRIPTION
Extent vii, 198 p. ;
Dimensions 22 cm.
490 1# - SERIES STATEMENT
Series statement The results-driven manager
500 ## - GENERAL NOTE
General note At head of title: A timesaving guide."
521 ## - TARGET AUDIENCE NOTE
Source Lexile
562 ## - COPY AND VERSION IDENTIFICATION NOTE
Number of copies For circulation. 1 copy in the collection
650 #0 - SUBJECT ADDED ENTRY--TOPICAL TERM
Topical term or geographic name as entry element Organizational change
General subdivision Management.
710 2# - ADDED ENTRY--CORPORATE NAME
Corporate name or jurisdiction name as entry element Harvard Business School.
Subordinate unit Press.
830 #0 - SERIES ADDED ENTRY--UNIFORM TITLE
Uniform title Results-driven manager series.
856 41 - ELECTRONIC LOCATION AND ACCESS
Materials specified Table of contents
Uniform Resource Identifier <a href="http://www.loc.gov/catdir/toc/ecip056/2005001315.html">http://www.loc.gov/catdir/toc/ecip056/2005001315.html</a>
906 ## - LOCAL DATA ELEMENT F, LDF (RLIN)
a 7
b cbc
c orignew
d 1
e ecip
f 20
g y-gencatlg
942 ## - ADDED ENTRY ELEMENTS (KOHA)
Source of classification or shelving scheme Library of Congress Classification
Koha item type Books
Holdings
Withdrawn status Lost status Source of classification or shelving scheme Damaged status Home library Current library Shelving location Date acquired Total Checkouts Full call number Barcode Date last seen Copy number Price effective from Koha item type
    Library of Congress Classification   Luxembourg Library Luxembourg Library International Baccalaureate Section 03/07/2013   HD 58.8 .R4935 2005 15783 08/13/2013 1 10/03/2013 Books

The results-driven manager :

APA

Harvard Business School, . (2005). The results-driven manager. Boston, Mass: Harvard Business School Press.

Chicago

Harvard Business School, . 2005. The results-driven manager. Boston, Mass: Harvard Business School Press.

Harvard

Harvard Business School, . (2005). The results-driven manager. Boston, Mass: Harvard Business School Press.

MLA

Harvard Business School, . The results-driven manager. Boston, Mass: Harvard Business School Press. 2005.

  • Place hold
  • Print
  • Cite
  • Add to your cart (remove)
  • Save record
    BIBTEX Dublin Core MARCXML MARC (non-Unicode/MARC-8) MARC (Unicode/UTF-8) MARC (Unicode/UTF-8, Standard) MODS (XML) RIS
  • More searches
    Search for this title in:
    Other Libraries (WorldCat) Other Databases (Google Scholar) Online Stores (Bookfinder.com) Open Library (openlibrary.org)

Exporting to Dublin Core...

SOUTHVILLE LIBRARY

Southville International School and Colleges Library

1281 Tropical Ave. Cor. Luxembourg St., BF Homes International, Las Pinas City

Tel. No. 8256374 / 252358 Loc. 117/146

Powered by Koha